Statistics for Countries that Used to Have Colonies in South America

Click here to take the quiz!

General Stats

  • This quiz has been taken 133 times
  • The average score is 6 of 7

Answer Stats

Empire / Country / Kingdom% Correct
British Empire
97%
Portuguese Empire
97%
Spanish Empire
95%
French Empire
93%
Dutch Empire
90%
German Empire
68%
Italian Empire
52%

Score Distribution

Percentile by Number Answered

Percent of People with Each Score

Your Score History

You have not taken this quiz